Operations Management strategies and Analysis (Record no. 4650)

MARC details
005 - DATE AND TIME OF LATEST TRANSACTION
control field 20250623095324.0
020 ## - INTERNATIONAL STANDARD BOOK NUMBER
International Standard Book Number 0-201-56630-3
082 ## - DEWEY DECIMAL CLASSIFICATION NUMBER
Classification number 658.5KRA
100 ## - MAIN ENTRY--PERSONAL NAME
Author name KRAJEWSKI. L. J
245 ## - TITLE STATEMENT
Title Operations Management strategies and Analysis
250 ## - EDITION STATEMENT
Edition statement 3rdEd.
260 ## - PUBLICATION, DISTRIBUTION, ETC.
Place of publication, distribution, etc. New York,
Name of publisher, distributor, etc. Krajewski. l. j,
Date of publication, distribution, etc. 1993.
300 ## - PHYSICAL DESCRIPTION
Extent xxiii, 903p,;ill, figure, table & picture
Other physical details Appendex & index
Dimensions 24cm
700 ## - ADDED ENTRY--PERSONAL NAME
Other authors/Editors RITZMAN. B
942 ## - ADDED ENTRY ELEMENTS (KOHA)
Source of classification or shelving scheme Dewey Decimal Classification
Koha item type Books
Holdings
Date last seen Total checkouts Full call number Barcode Cost, replacement price Price effective from Koha item type Lost status Source of classification or shelving scheme Damaged status Not for loan Withdrawn status Home library Current library Shelving location Date acquired Cost, normal purchase price
06/23/2025   658KRA DOM0003584 16500.00 06/23/2025 Books   Dewey Decimal Classification       CBE Dodoma CBE Dodoma Special Reserve Collection 10/30/2003 5500.00